000 00849nmm a2200265 a 4500
001 ocm000785845
003 TR-IsHL
005 20201028143514.0
008 140413s2013 tu tur
007 cr cn
020 _a9781304583079
035 _a785845
_b(N$T)
050 0 4 _aPL248.Y353
_bK39 2013
090 0 4 _aPL248.Y353
_bK39 2013
100 1 _aYaşar, Ümmühan
245 1 0 _aKayıp halkanın sırrı
_h[electronic resource] /
_cÜmmühan Yaşar
260 _aİstanbul :
_bE-Kitap Projesi,
_c2013
300 _a263 p.
650 4 _aDil ve Edebiyat
650 4 _aLanguage and Literature
650 0 _aKısa hikayeler, Türk
650 0 _aShort stories, Turkish
650 7 _aLITERARY COLLECTIONS / Middle Eastern
_2bisacsh
856 4 0 _uhttp://search.ebscohost.com/login.aspx?direct=true&scope=site&db=e011xww&AN=785845
999 _c8934
_d8934